Statistics for Brawl Stars characters

Click here to take the quiz!

General Stats

  • This quiz has been taken 147 times
    (124 since last reset)
  • The average score is 21 of 27

Answer Stats

RarityCharacter% Correct
Shelly
94%
Nita
93%
Colt
89%
Bo
85%
Spike
83%
Crow
83%
RareEl Primo
83%
LegendaryLeon
81%
Frank
79%
Poco
79%
Penny
78%
Rosa
78%
MythicMortis
78%
Super RareRico
78%
Jessie
77%
Darryl
77%
Sandy
77%
Tara
76%
Bibi
76%
Pam
76%
Gene
75%
Carl
75%
Barley
75%
Tick
74%
CommonEmz
74%
EpicPiper
72%
8-BIT
71%

Score Distribution

Percentile by Number Answered

Percent of People with Each Score

Your Score History

You have not taken this quiz since the last reset